Memoria de la junta calificadora de los productos de la industria española presentados en la exposicion pública de 1845. (Record no. 190135)
[ view plain ]
| 000 -LEADER | |
|---|---|
| campo de control de longitud fija | 00751nam a2200181 i 4500 |
| 001 - NÚMERO DE CONTROL | |
| campo de control | 190135 |
| 003 - IDENTIFICADOR DE NÚMERO DE CONTROL | |
| campo de control | ES-MaACL |
| 005 - FECHA Y HORA DE LA ÚLTIMA TRANSACCIÓN | |
| campo de control | 20230906223641.0 |
| 008 - DATOS DE LONGITUD FIJA--INFORMACIÓN GENERAL | |
| campo de control de longitud fija | 200731s1846 sp |||| | spa d |
| 080 ## - NÚMERO DE LA CLASIFICACIÓN DECIMAL UNIVERSAL | |
| Número de la Clasificación Decimal Universal | 62/69.002.6(460)(060.64) |
| 245 00 - MENCIÓN DEL TÍTULO | |
| Título | Memoria de la junta calificadora de los productos de la industria española presentados en la exposicion pública de 1845. |
| 260 ## - PUBLICACIÓN, DISTRIBUCIÓN, ETC. | |
| Lugar de publicación, distribución, etc. | [Madrid : |
| Nombre del editor, distribuidor, etc. | s.n.], |
| Fecha de publicación, distribución, etc. | 1846 ( |
| Fabricante | Imp. de Francisco Díaz) |
| 300 ## - DESCRIPCIÓN FÍSICA | |
| Extensión | XII, 95 p. ; |
| Dimensiones | 21 cm. |
| 594 ## - Nota al título y mención de responsabilidad | |
| Nota al título y mención de responsabilidad | Título de antep.: Memoria de la Esposición Pública de 1845 |
| 650 #4 - PUNTO DE ACCESO ADICIONAL DE MATERIA--TÉRMINO DE MATERIA | |
| Término de materia o nombre geográfico como elemento de entrada | Productos industriales- |
| Subdivisión geográfica | España. |
| 9 (RLIN) | 169077 |
| 711 2# - ENTRADA AGREGADA--NOMBRE DE REUNIÓN | |
| Nombre de congreso/reunión o jurisdicción como elemento de entrada | Exposición Pública de los Productos de la Industria Española ( |
| Número del congreso/reunión o número de parte o sección | 5ª. |
| Fecha del congreso o de la firma del tratado | 1845. |
| Sede del congreso/Lugar de la reunión | Madrid) |
| 9 (RLIN) | 170231 |
| 852 4# - LOCALIZACIÓN | |
| Ubicación | ES-MaACL |
| Número de control de estantería | T-21-F-1 |
| Estatus retirado | Estado de pérdida | Estado de daño | No para préstamo | Colección | Biblioteca de origen | Biblioteca actual | Ubicación en estantería | Fecha de adquisición | Fuente de adquisición | Total de préstamos | Signatura topográfica completa | Código de barras | Visto por última vez | Precio de reemplazo | Tipo de ítem Koha |
|---|---|---|---|---|---|---|---|---|---|---|---|---|---|---|---|
| Colección de folletos | Biblioteca del Ateneo de Madrid | Biblioteca del Ateneo de Madrid | Depósito folletos | 04/04/2005 | T-21-F-1 | 1201835 | 23/02/2023 | 23/02/2023 | Folleto |
